Score 0/20 Timer 06:00
0 Plays Today
Hint % Correct
First HalfGoogle
100%
First HalfReebok
92.1%
First HalfBurger King
91.8%
First HalfWells Fargo
83.7%
Last HalfExxon Mobil
79.3%
First HalfWhole Foods Market
76.8%
Last HalfPepsiCo
73.1%
Last HalfAmazon
70.1%
Last HalfApple
65.6%
Last HalfProcter And Gamble
53.6%
Hint % Correct
Last HalfWalt Disney
53.4%
Last HalfSamsung Electronics
50.2%
First HalfBoeing
50.1%
Last HalfAmerican Express
49.7%
First HalfHonda Motor
46.8%
First HalfBerkshire Hathaway
41.6%
First HalfStarbucks
37.6%
Last HalfMicrosoft
35.4%
First HalfCostco Wholesale
17.4%
Last HalfRalph Lauren
11.4%
Come Together.
Have Fun.
All Virtual.
We all need to come together. Play Sporcle's virtual live trivia to have fun, connect with people, and get your trivia on. Join a live hosted trivia game for your favorite pub trivia experience done virtually. If a virtual private party is more your thing, go here for details.

You're not logged in!

Compare scores with friends on all Sporcle quizzes.
OR
Log In

Sporcle TV

Today on Sporcle TV


Watch our educational content, quiz creation guides, and fun videos on Sporcle TV.

Show Comments

Extras

Top Quizzes Today


Score Distribution

Paid Content

Your Account Isn't Verified!

In order to create a playlist on Sporcle, you need to verify the email address you used during registration. Go to your Sporcle Settings to finish the process.

Report this User

Report this user for behavior that violates our Community Guidelines.

Details: